Presupuesto ordinario de Ingresos y gastos de la Casa Provincial de Caridad para el ejercicio de 1930
Descripción Física:
p. 193 a p. 273 ; 21'5 cm
MARC
| LEADER | 00000nam a2200000Ia 4500 | ||
|---|---|---|---|
| 001 | 9955 | ||
| 008 | 160829s1930] xx 000 0 cat d | ||
| 080 | |a S-1-152 | ||
| 245 | |a Presupuesto ordinario de Ingresos y gastos de la Casa Provincial de Caridad para el ejercicio de 1930 | ||
| 260 | |a [Barcelona : |b s.n., |c 1930] | ||
| 300 | |a p. 193 a p. 273 ; |c 21'5 cm | ||
| 610 | 2 | 0 | |a Casa de Caritat (Barcelona, Catalunya) |x Assignacions pressupostàries i despeses |9 55727 |
| 710 | |a Casa de Caritat (Barcelona, Catalunya) |9 52406 | ||
| 710 | |a Casa de Caritat (Barcelona, Catalunya) |9 52406 | ||
| 901 | |a Arxiu | ||
| 942 | |n 1 | ||
| 952 | |0 0 |1 0 |4 0 |6 S1152 |7 1 |9 43051 |a Arxiu |b Arxiu |d 2016-12-01 |l 0 |o S-1-152 |p 9955 |r 2016-12-01 00:00:00 |w 2016-12-01 |y ARXIU | ||
| 999 | |c 45595 |d 45595 | ||